Statistics for NFL: Top 3 Most Receptions in Each Draft Round (2017)

Click here to take the quiz!

General Stats

  • This quiz has been taken 14 times
  • The average score is 7 of 25

Answer Stats

Round#PlayerCatchesCollege% Correct
Third Round69thCooper Kupp433Eastern Washington
100%
First Round8thChristian McCaffrey357Stanford
73%
First Round5thCorey Davis241Western Michigan
64%
Sixth Round209thRobert Davis2Georgia State
64%
Fifth Round182ndAaron Jones183UTEP
36%
Third Round67thAlvin Kamara373Alabama / Hutchinson CC / Tennessee
36%
Fourth Round134thJamaal Williams148BYU
36%
Second Round62ndJuJu Smith-Schuster323USC
36%
UndraftedN/AAustin Ekeler282Western Colorado
27%
First Round23rdEvan Engram262Ole Miss
27%
Fifth Round146thGeorge Kittle335Iowa
27%
Seventh Round249thChris Carson107Butler CC / Oklahoma State
18%
Second Round40thCurtis Samuel185Ohio State
18%
Second Round41stDalvin Cook182Florida State
18%
Seventh Round226thDavid Moore78East Central
18%
Sixth Round188thElijah McGuire36Louisiana
18%
Third Round96thKenny Golladay391Northern Illinois
18%
Sixth Round192ndAlex Armah9West Georgia
9%
Sixth Round203rdDe'Angelo Henderson2Coastal Carolina
9%
Fourth Round110thDede Westbrook170Blinn / Oklahoma
9%
Seventh Round237thIsaiah Ford63Virginia Tech
9%
Fifth Round172ndIsaiah McKenzie99Georgia
9%
UndraftedN/AKeelan Cole187Kentucky Wesleyan
9%
UndraftedN/AKendrick Bourne192Eastern Washington
9%
Fourth Round119thTarik Cohen209North Carolina A&T
9%

Score Distribution

Percentile by Number Answered

Percent of People with Each Score

Your Score History

You have not taken this quiz